000 00392nam a22001337a 4500
008 131210b xxu||||| |||| 00| 0 eng d
050 _aBT771.2.G34 1996
100 _aGallagher, Michael P. SJ.
_95465
245 _aQuestion of Faith
_c Michael P. Gallagher SJ.
260 _aDublin
_bVeritas Publications
_c1996
300 _a94p. ;
_c22cm.
650 _aFaith
_95466
942 _2lcc
_cMONOGRAPH
999 _c119184
_d119184